| 000 | 00466nam a22001577a 4500 | ||
|---|---|---|---|
| 003 | macl | ||
| 005 | 20240105121441.0 | ||
| 008 | 240105b |||||||| |||| 00| 0 eng d | ||
| 040 | _cmacl | ||
| 082 | _a920/VIV | ||
| 100 |
_aस्वामी विवेकानंद _977665 |
||
| 245 | _aपरिव्राजक | ||
| 260 |
_aदिल्ली _bमनोज पब्लिकेेशन _c2022 |
||
| 650 | _aजीवनी | ||
| 942 |
_2ddc _cHIN |
||
| 999 |
_c66577 _d66577 |
||